[Event "EU-ch Hybrid U12"]
[Site "Tornelo INT"]
[Date "2021.10.15"]
[Round "1"]
[White "Alves, Jose Pedro Figueire"]
[Black "Popov, Roman4444"]
[Result "1/2-1/2"]
[WhiteElo "1206"]
[BlackElo "1641"]
[PlyCount "122"]
[EventDate "2021.10.15"]
[EventType "swiss"]
[EventRounds "9"]
[EventCountry "NET"]
[SourceTitle "EXT 2023"]
[Source "ChessBase"]
[SourceDate "2022.10.05"]
[SourceVersion "1"]
[SourceVersionDate "2022.10.05"]
[SourceQuality "1"]
[WhiteTeam "Portugal"]
[BlackTeam "Czech Republic"]
[WhiteTeamCountry "POR"]
[BlackTeamCountry "CZE"]

1. e4 c6 2. d4 d5 3. exd5 cxd5 4. Nc3 Nf6 5. Nf3 Nc6 6. Bb5 Bg4 7. h3 Bxf3 8. Qxf3 e6 9. Bg5 Be7 10. 0-0 0-0 11. Ne2 Ne4 12. Bxe7 Qxe7 13. Qe3 Rac8 14. c3 Na5 15. Rab1 Nd6 16. Bd3 Nac4 17. Bxc4 Nxc4 18. Qd3 b5 19. b3 Nd6 20. Rfc1 a5 21. Qg3 Rc7 22. Rb2 Rfc8 23. Rbc2 b4 24. Qd3 Ra8 25. cxb4 Rxc2 26. Rxc2 axb4 27. Qd2 Qb7 28. Nc1 h6 29. Nd3 Rb8 30. Nc5 Qb5 31. Qe2 Nf5 32. Qxb5 Rxb5 33. Rd2 Nxd4 34. Rxd4 Rxc5 35. Rxb4 e5 36. a4 Rc1+ 37. Kh2 d4 38. a5 d3 39. a6 d2 40. a7 d1Q 41. a8Q+ Kh7 42. Qe4+ g6 43. Qxe5 Qg1+ 44. Kg3 Rc8 45. Rb8 Rxb8 46. Qxb8 Qc1 47. Kh2 Qd2 48. Qg3 Qb4 49. h4 h5 50. Qf3 Qxh4+ 51. Kg1 Qe7 52. Qe3 Qb4 53. g3 h4 54. gxh4 Qxh4 55. Qg3 Qb4 56. Qh2+ Kg8 57. Qg3 Kf8 58. Qe3 Qg4+ 59. Qg3 Qb4 60. Qe3 Qg4+ 61. Qg3 Qb4 1/2-1/2